| 000 | 00818cam a22002411 4500 | ||
|---|---|---|---|
| 001 | l 43000191 | ||
| 003 | DLC | ||
| 005 | 20260227111538.0 | ||
| 008 | 920604s1943 dcua 000 0 eng | ||
| 010 | _al 43000191 | ||
| 035 | _a(OCoLC)26229393 | ||
| 040 |
_aDLC _cNNC-L _dOCoLC _dDLC |
||
| 042 | _apremarc | ||
| 043 | _an-us--- | ||
| 050 | 0 | 0 |
_aHD4935.U4 _bM4 |
| 100 | 1 | _aMel, Marian Louise | |
| 245 | 1 | 0 |
_aWage payment and wage collection laws. _bUnited States Department of labor, Frances Perkins, secretary. _cDivision of labor standards, Verne A. Zimmer, director. |
| 260 |
_aWashington, D.C., _bU.S. Govt. print. off. _c[1943] |
||
| 300 |
_av, 18 p. _b8 fold. tables. _c23 cm. |
||
| 650 | 0 |
_aWages _zUnited States. |
|
| 650 | 0 |
_aLabor laws and legislation _zUnited States. |
|
| 740 | 0 | _aWage collection laws. | |
| 999 |
_c36436 _d36436 |
||